Jin Yong's martial arts fiction and the kungfu industrial complex / Paul B. Foster. (Record no. 20754)

000 -LEADER
fixed length control field 00657nam a2200169 4500
020 ## - INTERNATIONAL STANDARD BOOK NUMBER
ISBN 9781666921489
082 ## - DEWEY DECIMAL CLASSIFICATION NUMBER
Classification number 895.1352
Item number P324 2023
100 ## - MAIN ENTRY--AUTHOR NAME
Personal name Foster, Paul B., author.
245 ## - TITLE STATEMENT
Title Jin Yong's martial arts fiction and the kungfu industrial complex / Paul B. Foster.
260 ## - PUBLICATION, DISTRIBUTION, ETC. (IMPRINT)
Place of publication Lanham :
Name of publisher Lexington Books.
Year of publication ©2023.
300 ## - PHYSICAL DESCRIPTION
Number of Pages 1 online resource, xi, 243 pages :
Other physical details some color illustrations ; 24 cm.
500 ## - GENERAL NOTE
General note Includes bibliographical references and index.
650 ## - SUBJECT ADDED ENTRY--TOPICAL TERM
Topical Term Jin, Yong, 1924-2018--Criticism and interpretation.
650 ## - SUBJECT ADDED ENTRY--TOPICAL TERM
Topical Term Martial arts fiction, Chinese--History and criticism.
650 ## - SUBJECT ADDED ENTRY--TOPICAL TERM
Topical Term Kung fu--China.
942 ## - ADDED ENTRY ELEMENTS (KOHA)
Koha item type Electronic Books
Holdings
Source of acquisition Permanent Location Date acquired Collection code Koha item type Lost status Shelving location Withdrawn status Current Location Full call number
DonationCagayan State University - Carig Library2025-05-27E-BooksElectronic Books E-Resource Section Cagayan State University - Carig Library895.13/52 P324 2023

Cagayan State University University Library, Carig Campus
Tuguegarao City, Cagayan 3500 | www.csucarig.edu.ph

Powered by Koha